| 000 | 01288nam a2200325Ia 4500 | ||
|---|---|---|---|
| 001 | ebr10619556 | ||
| 003 | CaPaEBR | ||
| 006 | m u | ||
| 007 | cr cn||||||||| | ||
| 008 | 090515s2002 txua sb 001 0 eng d | ||
| 020 | _z1555630928 | ||
| 020 | _z9781555630928 | ||
| 020 | _z9781613991626 | ||
| 040 |
_aCaPaEBR _cCaPaEBR |
||
| 035 | _a(OCoLC)755251085 | ||
| 050 | 1 | 4 |
_aTN871 _b.T68 2002eb |
| 100 | 1 | _aTowler, Brian F. | |
| 245 | 1 | 0 |
_aFundamental principles of reservoir engineering _h[electronic resource] / _cBrian F. Towler. |
| 260 |
_aRichardson, Tex. : _bHenry L. Doherty Memorial Fund of AIME, Society of Petroleum Engineers, _c2002. |
||
| 300 |
_avii, 232 p. : _bill. |
||
| 440 | 0 |
_aSPE textbook series ; _vv. 8 |
|
| 504 | _aIncludes bibliographical references and indexes. | ||
| 533 |
_aElectronic reproduction. _bPalo Alto, Calif. : _cebrary, _d2011. _nAvailable via World Wide Web. _nAccess may be limited to ebrary affiliated libraries. |
||
| 650 | 0 | _aOil reservoir engineering. | |
| 650 | 0 | _aPetroleum engineering. | |
| 650 | 0 |
_aPetroleum _xGeology. |
|
| 655 | 7 |
_aElectronic books. _2local |
|
| 710 | 2 | _aebrary, Inc. | |
| 856 | 4 | 0 |
_uhttp://site.ebrary.com/lib/rucke/Doc?id=10619556 _zAn electronic book accessible through the World Wide Web; click to view |
| 999 |
_c73699 _d73699 |
||